| 000 | 00721cam a22002172 4500 | ||
|---|---|---|---|
| 001 | 0000004349 | ||
| 005 | 20151217145805.0 | ||
| 008 | 070522s xx 000 0 eng d | ||
| 020 |
_a8178083124 : _cKES 2,200 |
||
| 040 |
_aKABU _cKABU |
||
| 050 | 0 |
_aQA76.8 _b.I2924A58 1999 |
|
| 100 | 1 |
_aAntonakos, James L. _@0000154861 |
|
| 245 | 1 | 3 |
_aAn Introduction to the INTEL family of microprocessors : _ba hands-on approach utilizing the 80 x 86 microprocessor family. |
| 250 | _a3rd ed. | ||
| 260 |
_aDelhi : _bAddison Wesley, _c1999. |
||
| 300 | _axv, 768 p. | ||
| 650 | 0 |
_aINTEL 80x86 series microprocessors. _@0000154862 |
|
| 908 | _a070522 | ||
| 950 | _@1 | ||
| 999 |
_c2629 _d2629 |
||